000 00365 a2200157 4500
001 74652
020 _a
040 _cAnchieta - Colégio São Paulo
100 _aSantos , Maria estela de Azevedo
240 1 0 _aEpé Laiyé Terra Viva
_lpor
245 1 0 _aEpé Laiyé Terra Viva
300 _a51
362 0 _a2009
650 4 _aLiteratura infantil
942 _cBK
999 _c74652
_d74652